|
|
|
|
| LEADER |
00000nam a2200000 a 4500 |
| 001 |
vtls001367804 |
| 003 |
SK-MaSNL |
| 005 |
20260331204503.0 |
| 008 |
251111s1939 xo 0 slo |
| 015 |
|
|
|a SNBA19191938-002324
|
| 035 |
|
|
|a SNK000321494
|
| 040 |
|
|
|a SNK
|b slo
|c SNK
|e AACR2
|
| 041 |
0 |
|
|a slo
|
| 044 |
|
|
|a xo
|c SK
|
| 080 |
|
|
|a 78
|2 1981
|
| 100 |
1 |
|
|a Dusík, Gejza,
|d 1907-1988
|4 skl
|9 111894
|
| 245 |
1 |
|
|a Rodný môj kraj
|b tango a pieseň
|c hudba: Gejza Dusík ; slová: P. Braxatoris
|
| 260 |
|
|
|a Bratislava
|b Ján Stožický
|c 1939
|e Bratislava
|f Průmyslová tiskárna
|
| 300 |
|
|
|a [4] s.
|c 8°
|
| 490 |
0 |
|
|a Naše pôvodné slovenské šlágry
|v č. 119
|
| 500 |
|
|
|a Ob. tit.
|
| 650 |
0 |
7 |
|a populárne piesne
|2 SNK
|9 3446
|
| 700 |
1 |
|
|a Braxatoris, Pavol,
|d 1909-1980
|4 tex
|9 111896
|
| 958 |
|
|
|a OND
|
| 958 |
|
|
|a HHU
|
| 958 |
|
|
|a RK
|
| 958 |
|
|
|a TL
|
| 999 |
|
|
|c 635613
|d 637543
|
| 952 |
|
|
|t P60, <04>, [BOOK], {604}
|a SNK
|b SNK
|y PREZ
|7 0
|p 17A0199259
|o snkHSD 524
|i snk729/56
|0 0
|1 0
|4 0
|d 1999-07-12
|l 0
|r 2005-01-02 00:00:00
|w 2026-02-23
|
| 952 |
|
|
|t P60, <04>, [BOOK], {604}, -W-
|a SNK
|b SNK
|y VYP
|7 0
|p 17A0448824
|o snkHSD 524 D1
|i snkD 1403/2004
|8 1
|0 0
|1 0
|4 0
|d 2004-11-08
|l 0
|r 2005-01-02 00:00:00
|w 2026-02-23
|